Transient flow in response to a pressure pulse in gas chromatography /
Đã lưu trong:
| 主要作者: | |
|---|---|
| 格式: | Bài viết |
| 語言: | English |
| 主題: | |
| 標簽: |
添加標簽
沒有標簽, 成為第一個標記此記錄!
|
| Thư viện lưu trữ: | Thư viện Trường Đại học Đà Lạt |
|---|
| LEADER | 00862nam a2200289 4500 | ||
|---|---|---|---|
| 001 | DLU090097302 | ||
| 005 | ##20091201 | ||
| 040 | # | # | |a DLU |b eng |
| 041 | # | # | |a eng |
| 044 | # | # | |a us |
| 100 | # | # | |a Nahir, Tal M. |
| 245 | # | # | |a Transient flow in response to a pressure pulse in gas chromatography / |c Tal M. Nahir. |
| 653 | # | # | |a Capillary column |
| 653 | # | # | |a Gas chromatography |
| 653 | # | # | |a Isothermal condition |
| 653 | # | # | |a Nonlinear differential equations |
| 653 | # | # | |a Transient flow |
| 773 | # | # | |t Analytical Chemistry |g Vol. 75, no. 17 (September 2003), p. 4462-4466 |
| 920 | # | # | |a Phòng Tạp chí -- Trung tâm Thông tin - Thư viện Trường Đại học Đà Lạt |
| 994 | # | # | |a DLU |
| 900 | # | # | |a True |
| 911 | # | # | |a Trương Bảo Trâm Anh |
| 925 | # | # | |a G |
| 926 | # | # | |a A |
| 927 | # | # | |a BB |
| 980 | # | # | |a Thư viện Trường Đại học Đà Lạt |